00000000nam##2200000za#4500
0019.681323
003CaOODSP
00520200330070556
007ta
008150407|1998||||xxc|||||     f|0| 0 fre|d
020 |a0-662-82989-1
040 |aCaOODSP|bfre
043 |an-cn---
0861 |aD82-43/1998F
1101 |aCanada.|bProtection civile Canada.
24510|aSystème de gestion du site d'un sinistre : |bun document de doctrine / |cpar Ron Kuran
260 |aOttawa - Ontario : |bProtection civile Canada |c1998.
300 |a44p. ; |c28 cm.
500 |aDonnées de catalogage avant publication (Canada) imprimées dans cette publication. «Le but de ce document est de décrire le système de gestion du site d'un sinistre (GSS) dans le cadre d'une intervention en cas d'urgence effectuée par les autorités canadiennes locales (par exemple, les municipalités).»--Introduction. Élaboré dans le cadre de la participation canadienne à la décennie internationale de la prévention des catastrophes naturelles.
5203 |aLe but de ce document est de décrire le système de gestion du site d'un sinistre (GSS) dans le cadre d'une intervention en cas d'urgence effectuée par les autorités canadiennes locales (par exemple, les municipalités).--Introduction
563 |aPolycopié
590 |a00-45|b2000-11-10
69107|aProtection civile|2gcpds
77508|tThe emergency site management (ESM) system : |w(CaOODSP)9.647003
7760#|tSystème de gestion du site d'un sinistre : |w(CaOODSP)9.639785